000 00814nam a22001937a 4500
999 _c61816
_d61816
005 20240516165934.0
008 240516s2006 enk||||| |||| 00| 0 eng d
020 _a9780340810187x
080 _a616-08-039.75 T-42
245 _aTextbook of Palliative Medicine /
_cEdited by Eduardo Bruera, Irene Higginson, Carla Ripamonti, Charles von Gunten.
264 _aNew York:
_b‎ Hodder Arnold,
_c2006.
300 _a1095 p.;
_b28 cm.
653 _aპალიატიური მედიცინა
700 _aBruera, Eduardo
_eრედაქტორი
_922115
700 _aHigginson, Irene
_eრედაქტორი
_922116
700 _aGunten, Charles von
_eრედაქტორი
_922117
700 _aRipamonti, Carla
_eრედაქტორი
_922118
942 _2udc
_cᲬᲘᲒᲜᲘ